Secret Story 10 - Associer les candidats à leurs secrets - Statistiques

Statistiques générales
  • Ce quiz a été pris 124 fois
  • Le résultat moyen est 10 sur 16
Statistiques - réponses
Hint Réponse % Correct
Je suis le premier homme enceinte au monde Thomas
92%
Je suis championne internationale de car-wash Maéva
78%
Je suis l'alibi du couple Bastien
72%
Je suis une star mondiale de e-sport Darko
72%
Nous sommes les maîtresses des identités (A) Anaïs
71%
J'ai été transplantée trois fois Athénaïs
70%
Nous sommes en couple (garçon) Julien
67%
Une ville porte mon nom en hommage à mes ancêtres Mélanie
62%
Les gagnantes de Secret Story (Anaïs, Émilie et Marie) m'ont choisie pour intégrer la Maison des Secrets (garçon)
Jaja
60%
Nous sommes en couple (fille) Sophia
60%
J'ai déjà participé deux fois à Secret Story Fanny
59%
Nous sommes les maîtresses des identités (M) Manon
59%
Les gagnantes de Secret Story (Anaïs, Émilie et Marie) m'ont choisie pour intégrer la Maison des Secrets (fille) Sarah
53%
Le film dans lequel j'ai joué a décroché la palme d'or à Cannes Damien
51%
Je détiens la clé de la boîte aux lettres des secrets Marvin
46%
Je suis l'égérie d'une grande marque internationale Pierre
44%
Aucun quiz correspondant
Distribution des résultats
% des personnes avec chaque résultat
Percentile par nombre de réponses
Votre historique - résultats
Vous n’avez pas pris ce quiz